000 00419nam a2200145Ia 4500
008 191206s9999 xx 000 0 und d
020 _a3772014712 (pbk.) :
090 _aPR60050Z79275
245 0 _aConrad's Narrative Voice: Stylistic aspects of his fiction
260 _aFrancke
260 _bSchweizer anglistische Arbeiten ; Bd. 100
260 _cccop. 1980
300 _a216 p. ; 23 cm.
999 _c15736
_d15736